[Event "Pavlodar Open 2018"]
[Site "Pavlodar"]
[Date "2018.12.01"]
[Round "10"]
[White "Burmakin, Vladimir"]
[Black "Makhnev, Denis"]
[Result "1/2-1/2"]
[WhiteElo "2531"]
[BlackElo "2458"]
[Annotator "TA"]
[PlyCount "31"]
[EventDate "2018.11.23"]
[EventType "swiss"]
[EventCountry "KAZ"]
[SourceTitle "playchess.com"]
[Source "ChessBase"]
[SourceQuality "1"]

{[%evp 9,31,22,77,27,75,68,62,46,65,73,58,-43,72,-442,-425,-1292,283,-1153,632,-1294,259,-1134,597,-1428]} 1. Nf3 e6 2. c4 b6 3. g3 Bb7 4. Bg2 Be7 (4... g6 5. O-O Bg7 6. Nc3 Nf6 7. d4 Ne4 8. Bd2 O-O 9. Rc1 c5 10. d5 exd5 11. cxd5 Nxd2 12. Nxd2 d6 13. Nc4 Ba6 14. b3 b5 15. Nd2 {0-1 (29) So,W (2815)-Carlsen,M (2832) chess.com INT 2017}) 5. O-O Bf6 $146 (5... Nf6 $11) ({Predecessor:} 5... g5 6. e4 Bxe4 7. Nc3 Bxf3 8. Qxf3 Nc6 9. d4 Rc8 10. Rd1 Bf6 11. Ne4 h6 12. d5 {½-½ (45) Foisor,O (2408)-Dgebuadze,A (2544) Turin 2008}) 6. Qc2 {A13: English Opening: 1...e6} d5 7. cxd5 exd5 8. Rd1 {White is slightly better.} Be7 9. Ne5 Nf6 10. e4 ({White should play} 10. d4 $14) 10... dxe4 (10... Nxe4 $15 {keeps the upper hand.} 11. Qa4+ c6) 11. Bxe4 $2 {[%mdl 8192] [#]} (11. d3 $16) 11... Bxe4 12. Qxe4 (12. Qa4+ $142 Bc6 13. Nxc6) 12... Bd6 $4 {[%mdl 8192]} (12... Nxe4 $19 13. d4 f6) 13. Nc4+ $4 {[%mdl 8192]} (13. Qxa8 $18 Bxe5 14. d4 (14. Qxa7 O-O $16)) 13... Be7 $4 {[%mdl 8192]} (13... Nxe4 $19 14. Nc3 Ng5) 14. Ne5 $4 {[%mdl 8192]} (14. Qxa8 $18 O-O 15. d4) 14... Bd6 $4 {[%mdl 8192] [#]} (14... Nxe4 $19 {avoids the disaster.} 15. d4 f6) 15. Nc4+ $4 {[%mdl 8192]} (15. Qxa8 $18 Bxe5 16. d4 (16. Qxa7 O-O $16)) 15... Be7 $4 {[%mdl 8192]} (15... Nxe4 $19 {and all is fine.} 16. Nc3 Nf6) 16. Qc6+ $4 {[%mdl 40960] Accuracy: White =  1%, Black = 15%. . An unexpected result.} (16. Qxa8 $18 O-O 17. d4) 1/2-1/2

[Event "Pavlodar Open 2018"]
[Site "Pavlodar"]
[Date "2018.12.01"]
[Round "10"]
[White "Khegay, Dmitriy"]
[Black "Agmanov, Zhandos"]
[Result "0-1"]
[WhiteElo "2505"]
[BlackElo "2368"]
[Annotator "TA"]
[PlyCount "174"]
[EventDate "2018.11.23"]
[EventType "swiss"]
[EventCountry "KAZ"]
[SourceTitle "playchess.com"]
[Source "ChessBase"]
[SourceQuality "1"]

{[%evp 15,174,0,16,17,31,18,24,20,14,15,16,8,27,13,22,6,1,9,14,0,0,0,0,-13,0,0,0,0,0,0,0,0,0,0,0,7,5,0,0,0,0,0,0,0,16,17,27,0,0,0,0,0,58,12,60,0,11,0,0,0,95,0,0,0,0,0,0,0,0,0,0,-241,-243,-234,-200,-273,-323,-316,-305,-1025,-1018,-980,-967,-861,-508,-531,-529,-531,-521,-512,-491,-495,-468,-939,-758,-29976,-29977,-29971,0,0,0,0,0,0,0,-9,-15,-29976,-10,-450,-424,-322,0,-1246,-1332,-29970,-1251,-29976,-29977,-29971,0,-643,-59,-100,-31,-268,0,-100,0,-100,-100,-583,-528,-483,0,-877,-831,-869,-830,-730,-730,-981,-928,-29978,-29979,-29983,-29977,-29980,-29981,-29981,-29982,-29982,-29983,-29984,-29985,-29985,-29986,-29990,-29991,-29996,-29997]} 1. e4 e6 2. d4 d5 3. e5 c5 4. c3 Nc6 5. Nf3 Bd7 6. Be2 Nge7 7. O-O Rc8 8. Na3 {[%cal Bb1a3,Ba3c2,Bc2e3][%mdl 32] C02: French: Advance Variation} (8. dxc5 Ng6 9. b4 Be7 10. Be3 O-O 11. Nbd2 Qc7 12. Nd4 Qxe5 13. N2b3 f5 14. b5 Nd8 15. c4 f4 {1-0 (25) Mamedov,R (2699)-Skoberne,J (2565) Batumi 2018}) 8... Ng6 {LiveBook: 4 Games} 9. Nc2 Be7 10. g3 {White is slightly better.} O-O 11. Ne3 $146 ({Predecessor:} 11. h4 cxd4 12. cxd4 f6 13. exf6 gxf6 14. h5 Nh8 15. Bh6 Re8 {0-1 (28) Nurkic,S (2414)-Svetushkin,D (2570) Sombor 2009}) 11... cxd4 12. cxd4 Qb6 13. h4 f5 14. Ng2 Rc7 15. Rb1 Rfc8 16. b4 {[%cal Bb2b4,Bb4b5][%mdl 32]} a5 17. b5 {h5 is the strong threat.} Nb4 18. a4 Na2 19. Bb2 Nc3 20. Bxc3 $1 Rxc3 21. h5 Nh8 22. Nf4 Nf7 23. Bd3 $1 Ng5 24. Nxg5 $1 Bxg5 25. Ne2 Ra3 26. Kg2 Be8 27. Rh1 Bh6 (27... Qc7 {is interesting.} 28. Ra1 Qe7 29. f4 Bh6 30. Qb1 Kh8) 28. Ra1 Rxa1 29. Qxa1 Qc7 30. f4 Qe7 31. Qb2 b6 32. g4 fxg4 33. Kg3 Bd7 ({Better is} 33... Kh8 $11) 34. Kxg4 Kh8 35. Rh3 (35. Ra1 $14) 35... Rf8 36. Qc2 Rc8 $1 {[%cal Rc8c2]} 37. Qb1 Rf8 (37... Qa3 $11) 38. Qc2 (38. Rg3 $1 $16) 38... Rc8 $1 $11 {[%cal Rc8c2]} 39. Qd2 Rf8 40. Bb1 Be8 $36 {[%mdl 2048] Black has some pressure.} 41. Kf3 Qg5 42. Qd3 {[%csl Gb1][%cal Rd3h7]} g6 {[%cal Bg7g6,Bg6g5][%mdl 32]} 43. Ke3 $2 (43. Bc2 $11) 43... Qg4 $19 {[%cal Rh6f4]} 44. Rf3 Qxh5 45. Kd2 Qg4 46. Qe3 g5 $1 {[%cal Rg5f4]} 47. Qa3 $2 (47. Rg3 gxf4 48. Rxg4 fxe3+ 49. Ke1) 47... gxf4 48. Qe7 Bg6 49. Bxg6 Qxg6 50. Qh4 Bg5 51. Qg4 h5 52. Qh3 Kg7 53. Ke1 Rc8 54. Rf1 (54. Kf1 $142 Qf7 55. Rc3 Rxc3 56. Qxc3) 54... Qe4 {( -> ...Rc2)} 55. Qxh5 Rc1+ 56. Kf2 {[#]} Rxf1+ $2 (56... Bh4+ $1 {[%mdl 512]} 57. Qxh4 Qe3+ 58. Kg2 Qxe2+ {[%mdl 64] Double Attack} 59. Qf2 Qg4+ 60. Kh1 Qh3+ 61. Kg1 Rc3 62. Qxf4 Rg3+ 63. Qxg3+ Qxg3+ 64. Kh1 Qh3+ 65. Kg1 Qg3+ 66. Kh1 Qh4+ {[%mdl 64] Double Attack} 67. Kg1 Qxd4+ 68. Kh1 Qe4+ 69. Kg1 d4 70. Kf2 Qe3+ 71. Kg2 d3 72. Rf3 Qe4 73. Kg3 d2 74. Rf1 Qd3+ 75. Kf2 Qxf1+ $1 {[%mdl 576] Remove Defender, Promotion} 76. Kxf1 d1=Q+ {[%mdl 64] Double Attack} 77. Kf2 Kg6 78. Ke3 Kf5 79. Kf2 Kf4 80. Kg2 Qe2+ 81. Kh1 Kf3 82. Kg1 Qg2#) 57. Kxf1 $11 Qf5 {Threatens to win with ...f3.} 58. Ng1 Qd3+ 59. Ne2 Qg6 60. Qf3 Qf5 {next ...Kf8 is good for Black.} 61. Qc3 $2 {[%mdl 8192]} (61. Kg2 $11) 61... Kg6 $2 (61... f3 {mates} 62. Kf2 Bh4+ 63. Ng3 Bxg3+ 64. Kxg3 f2 65. Qc7+ Kg6 66. Qc8 f1=Q 67. Qg8+ Kh6 68. Qh8+ Qh7 69. Qf6+ Qg6+ 70. Qxg6+ Kxg6 71. Kg4 Qd3 72. Kf4 Qe2 73. Kg3 Kf5 74. Kh3 Kf4 75. Kh4 Qh2#) 62. Ng1 $2 {[%mdl 8192]} (62. Qf3 $11 {and White is okay.}) 62... Qb1+ $19 63. Kg2 {[#]} Qa2+ $2 (63... Qe4+ $1 $19 64. Nf3 Qe2+ 65. Kh1 Kf5) 64. Kh3 $2 {[%mdl 8192]} (64. Kh1 $11) 64... Qf2 65. Qd3+ Kh6 (65... Kg7 $142 66. Qa3 Bd8 67. Qd3 Be7 68. Qf3 Qxg1 69. Qxf4 Qg5 70. Qf2 Qg6 71. Kh2 Bg5 72. Qg3 Qh5+ 73. Kg2 Qe2+ 74. Qf2 Qxf2+ 75. Kxf2 Kg6 76. Ke2 Kf5 77. Kd3 Bf4 78. Ke2 Ke4 79. Kf2 Kxd4 80. Ke2 Kxe5 81. Kf1 d4 82. Kf2 d3 83. Kf3 d2 84. Ke2 Ke4 85. Kd1 Ke3 86. Kc2 Ke2 87. Kb2 d1=Q 88. Ka3 Bc1+ 89. Ka2 Qc2+ 90. Ka1 Qb2#) 66. Qa3 Kg7 67. Qd3 Kh6 ({Worse is} 67... Qxg1 68. Qh7+ Kxh7 $11) (67... Bh6 $142 68. Ne2 Qf1+ 69. Kh4 Qg2 70. Ng3 Qh2+ 71. Kg4 Qxg3+ 72. Qxg3 fxg3 73. Kxg3 Be3 74. Kg4 Bxd4 75. Kf4 Kg6 76. Kf3 Bxe5 77. Kf2 Kf5 78. Ke3 d4+ 79. Kd3 Bf6 80. Kd2 e5 81. Ke2 e4 82. Kf2 Bg5 83. Ke1 d3 84. Kf2 e3+ 85. Kg2 d2 86. Kh1 e2 87. Kg1 d1=Q+ 88. Kg2 Bf4 89. Kh3 Qh1#) 68. Qa3 $1 Qh4+ $2 (68... Be7 $19 69. Qf3 Qxd4) 69. Kg2 $17 Qg4+ (69... Kh5 $17 {Hoping for ...Qg4+.} 70. Qh3 Qxh3+ 71. Nxh3 Kg4 72. Nf2+ Kf5) 70. Kh1 $2 (70. Kh2 $1 $15) 70... Qh4+ $2 (70... Kg6 $19 71. Qd3+ Kh6) 71. Kg2 $1 {[#]} Be7 (71... Kh5 $1 $17 {aiming for ...Qg4+.} 72. Qh3 Qxh3+ 73. Nxh3 Kg4 74. Nf2+ Kf5) 72. Qf3 (72. Qh3 $11) 72... Bb4 73. Nh3 $2 {[%mdl 8192]} (73. Qh3 $17 {is a better chance.} Qxh3+ 74. Nxh3) 73... Bd2 $19 74. Nf2 Be1 $2 ({Black should play} 74... Qh5 $19 {And now ...Qxf3+ would win.} 75. Nh3 Qf5) 75. Nd3 $2 {[%mdl 8192]} (75. Nh3 $11) 75... Bg3 76. Kf1 Qh3+ 77. Ke2 Qh2+ 78. Kd1 Kg5 79. Qf1 Kg4 {Black mates.} 80. Nc1 Qf2 81. Qd3 Qf3+ 82. Qe2 Qxe2+ 83. Kxe2 f3+ 84. Kf1 Kf4 85. Nb3 Ke3 86. Nc5 bxc5 87. dxc5 d4 {Accuracy: White = 33%, Black = 62%.} 0-1

[Event "Pavlodar Open 2018"]
[Site "Pavlodar"]
[Date "2018.12.01"]
[Round "10"]
[White "Zubarev, Alexander"]
[Black "Utegaliyev, Azamat"]
[Result "0-1"]
[WhiteElo "2484"]
[BlackElo "2518"]
[Annotator "TA"]
[PlyCount "27"]
[EventDate "2018.11.23"]
[EventType "swiss"]
[EventCountry "KAZ"]
[SourceTitle "playchess.com"]
[Source "ChessBase"]
[SourceQuality "1"]

{[%evp 15,27,39,40,25,472,-278,-295,-582,-549,-1912,-740,-2630,-1574,-3931]} 1. e4 d5 2. exd5 Qxd5 3. Nc3 Qd6 4. d4 Nf6 5. Nf3 Bg4 6. h3 Bh5 {B01: Scandinavian Defence} 7. g4 Bg6 8. Ne5 Nbd7 {LiveBook: 53 Games. White is slightly better.} 9. Qf3 (9. Nxg6 hxg6 10. Bg2 c6 11. Qd3 e6 12. Bd2 Nb6 13. O-O-O Nbd5 14. Ne2 {1-0 (39) Bologan,V (2640)-Kovalenko,I (2684) Tallinn 2016}) 9... Be4 $146 {[%mdl 8192] [#]} ({Much worse is} 9... Nxe5 $6 10. Qxb7 Nf3+ 11. Qxf3 $16) (9... c6 $11) ({Predecessor:} 9... c6 10. Nxg6 hxg6 11. Be3 e6 12. O-O-O Nd5 13. Ne4 Qb4 14. Ng5 {1-0 (83) Trajber,C (2078)-Nadassy,A (2137) Budapest 2006}) 10. Qe3 $4 {[%mdl 8192]} (10. Nxe4 $18 Nxe4 11. Qxe4) 10... Bxh1 $19 11. Bb5 $2 (11. Nb5 Qb6 12. Nc4) 11... c6 {[%cal Bc7c6,Bc6b5][%mdl 32] Black is clearly winning.} 12. Qf3 cxb5 13. Nd5 Qxd5 14. b4 0-1

[Event "Pavlodar Open 2018"]
[Site "Pavlodar"]
[Date "2018.12.01"]
[Round "10"]
[White "Suleymenov, Alisher"]
[Black "Mirzoev, Azer"]
[Result "1/2-1/2"]
[WhiteElo "2326"]
[BlackElo "2489"]
[Annotator "TA"]
[PlyCount "47"]
[EventDate "2018.11.23"]
[EventType "swiss"]
[EventCountry "KAZ"]
[SourceTitle "playchess.com"]
[Source "ChessBase"]
[SourceQuality "1"]

{[%evp 19,47,15,16,26,21,13,27,28,38,25,28,21,21,29,26,26,20,10,8,8,11,8,7,0,0,0,15,0,0,0]} 1. d4 d5 2. c4 c6 3. Nf3 Nf6 4. g3 {[%cal Bg2g3,Bg3g4][%mdl 32]} Bf5 5. Nc3 e6 6. Nh4 {D11: Slav Defence: 3 Nf3 sidelines and 3...Nf6 4 e3 Bg4} (6. Qb3 Qc8 7. Bg2 h6 8. O-O Be7 9. Nd2 O-O 10. e4 dxe4 11. Ndxe4 Rd8 12. Be3 Ng4 {0-1 (27) Jakovenko,D (2710)-Mamedyarov,S (2791) Sochi 2017}) 6... Bg4 7. h3 Bh5 8. g4 Bg6 9. Nxg6 hxg6 10. Qb3 Qb6 {LiveBook: 5 Games} 11. Bg2 Be7 12. O-O O-O $146 ({Predecessor:} 12... Qxb3 13. axb3 {1-0 (37) Senthil,M (2208)-Al Zaabi,S (1698) Abu Dhabi 2016}) 13. Rd1 {[%cal Rc4d5]} Rd8 14. e4 dxe4 15. Be3 Qxb3 16. axb3 Na6 17. g5 Ne8 18. d5 {The position is equal.} exd5 19. cxd5 cxd5 20. Nxd5 Bc5 21. Bf4 Bd6 22. Be3 Bc5 23. Bf4 Bd6 24. Be3 {Accuracy: White = 90%, Black = 73%.} 1/2-1/2